000 00317nam a2200109 4500
008 160624b xxu||||| |||| 00| 0 eng d
100 _9912
_a Friedman, M., et al
245 _aType A. Behaviour and Your Heard
260 _aGreenwich
_b Fawcett Pub.
_c1974
300 _aType A. Behaviour and Your Heard
942 _2ddc
_cBK
999 _c725
_d725